| 000 | 00657nam a2200217Ia 4500 | ||
|---|---|---|---|
| 003 | OSt | ||
| 005 | 20220928144843.0 | ||
| 006 | a|||||r|||| 00| 0 | ||
| 007 | ta | ||
| 008 | 220927b |||||||| |||| 00| 0 eng d | ||
| 024 | _a76429 | ||
| 037 | _cTextual | ||
| 040 |
_aSDCL _cSDCL _beng |
||
| 041 |
_2eng _aeng |
||
| 082 | _aX:75.7913'N8, M8 | ||
| 100 |
_aDe Pablo Juan Carlos _9509972 |
||
| 245 | 0 |
_aHow to end up an utter failure as Minister of the economy _b Lessons that emerge from 20 year of Argentine economic policy. |
|
| 260 | _c1988 | ||
| 942 |
_hX:75.7913'N8, M8 _cTEXL _2CC |
||
| 999 |
_c829972 _d829972 |
||